000
00222 a2200097 4500
001
6709
100
_a
Gerstl, J E
245
_a
Engineers: The anrlomy of a Profession
260
_a
_b
Tavistock Pub
_c
090
_c
5562
_d
5562
942
_a
NUST-CAE
_c
M
_c
32003
999
_c
241782
_d
241782